000 00372nam a22001577a 4500
005 20200521113531.0
008 200521b xxu||||| |||| 00| 0 eng d
020 _a9788174734457
041 _aeng
082 _a612 KUM
245 _aBiochemistry andclinical pathology
260 _aDelhi
_bAITBS PUBLISHERS
300 _a241p/
650 _aPharmacy
_95685
942 _cBK
999 _c6374
_d6372